00991cam a2200253 a 45000010009000000050017000090080041000260100017000670200055000840200046001390400018001850410008002030800018002110820022002291000007002511010008002582450186002662460030004525040064004829060045005469420012005919990017006039520117006201632399320180223095526.0100709s2010 nyua bc 001 0 eng  a 2010028976 a9781588393982 (the Metropolitan Museum of Art (hc) a9780300166576 (Yale University Press (hc) aDLCcDLCdDLC aeng a759.9493 wym00a759.9493 wym2221 a42 aart10aMan, myth, and sensual pleasures :cMaryan W. Ainsworth, Stijn Alsteens, and Nadine M. Orenstein ; edited by Maryan W. Ainsworth ; with contributions by Lorne Campbell ... [et al.].30aJan Gossart's Renaissance aIncludes bibliographical references (p. 437-473) and index. a7bcbccorignewd1eecipf20gy-gencatlg 2ddccBK c43332d43332 00102udc40708PËKGa002b002cPËKGd2018-02-23l0o759.9493 wymp002-2999656r2018-02-23w2018-02-23yBK